Pregnancy Notes: (Record no. 190603)

MARC details
000 -LEADER
fixed length control field 00581nam a22001817a 4500
005 - DATE AND TIME OF LATEST TRANSACTION
control field 20220729121503.0
010 ## - LCCN (DPL NO)
LC control number ENG-134093
020 ## - INTERNATIONAL STANDARD BOOK NUMBER
International Standard Book Number 9789386224897
Terms of availability 250.00
035 ## - SYSTEM CONTROL NUMBER
System control number EN-117625
037 ## - SOURCE OF ACQUISITION
Source of stock number/acquisition DBAD/PUB
082 ## - DEWEY DECIMAL CLASSIFICATION NUMBER
Classification number 618.2
100 ## - MAIN ENTRY--PERSONAL NAME
Personal name Diwekar, Rujuta
245 ## - TITLE STATEMENT
Title Pregnancy Notes:
Remainder of title Before, During and After/
Statement of responsibility, etc Rujata Diwekar
260 ## - PUBLICATION, DISTRIBUTION, ETC. (IMPRINT)
Place of publication, distribution, etc Chennai
Name of publisher, distributor, etc Westland Publications Ltd.
Date of publication, distribution, etc 2017
270 ## - ADDRESS
Address 61, II Floor, Silverline Building, Alapakkam Main Road, Maduravoyal
City Chennai
Postal code 600095
300 ## - PHYSICAL DESCRIPTION
Extent 207p.
Dimensions 19cm(pbk)
942 ## - ADDED ENTRY ELEMENTS (KOHA)
Source of classification or shelving scheme Dewey Decimal Classification
Item type English Books
Classification part 618.2
Call number suffix DIW
Holdings
Withdrawn status Lost status Not for loan Collection code Home library Current library Date acquired Source of acquisition Cost, normal purchase price Full call number Barcode Copy number Cost, replacement price Koha item type
      Non-fiction Bawana Bawana 29/07/2022 DBAD/PUB 250.00 618.2 DIW EN-117625 1 250.00 English Books

© Delhi Public Library
Hit Counter
free hit counter